000 00348nam a22001097a 4500
020 _a978-0197611616
082 _a303.484
_bUNT
245 _aUntapped Power:
_bLeveraging Diversity and Inclusion for Conflict and Development /
_cCarla Koppell (Editor)
260 _aNew York;
_bOxford University Press,
_c2022.
300 _a549p. ;
942 _2ddc
_cBK
999 _c615021
_d615021